[Event "SA-2018-0-00651"]
[Site "LSS email"]
[Date "2018.09.24"]
[Round "?"]
[White "Egorov, Vladimir Al"]
[Black "Svajdler, Frantisek"]
[Result "1/2-1/2"]
[WhiteElo "2006"]
[BlackElo "2089"]
[PlyCount "48"]
[EventDate "2018.08.29"]
[EventType "tourn (corr)"]
[EventRounds "6"]
[EventCountry "GER"]
[SourceTitle "Corr 2022"]
[Source "ChessBase"]
[SourceDate "2021.10.24"]
[SourceVersion "1"]
[SourceVersionDate "2021.10.24"]
[SourceQuality "1"]

1. d4 Nf6 2. c4 e6 3. g3 Bb4+ 4. Bd2 Be7 5. Bg2 d5 6. Nf3 0-0 7. 0-0 Nbd7 8. Qc2 c6 9. Bf4 b6 10. Rd1 Bb7 11. Nc3 dxc4 12. Nd2 Nd5 13. Nxc4 Nxf4 14. gxf4 Qc7 15. e3 Rad8 16. Rac1 c5 17. d5 exd5 18. Bxd5 Nf6 19. Bxb7 Qxb7 20. Qe2 g6 21. a4 Kg7 22. Ne5 Bd6 23. Qf3 Qxf3 24. Nxf3 Bc7 1/2-1/2

[Event "OP-2018-0-04566"]
[Site "LSS email"]
[Date "2018.04.09"]
[Round "?"]
[White "Ballarin, Alessandro"]
[Black "Svajdler, Frantisek"]
[Result "0-1"]
[WhiteElo "454"]
[BlackElo "2099"]
[PlyCount "34"]
[EventDate "2018.04.02"]
[EventType "tourn (corr)"]
[EventRounds "4"]
[EventCountry "GER"]
[SourceTitle "Corr 2022"]
[Source "ChessBase"]
[SourceDate "2021.10.24"]
[SourceVersion "1"]
[SourceVersionDate "2021.10.24"]
[SourceQuality "1"]

1. d4 Nf6 2. c4 e6 3. Nf3 d5 4. Nc3 c6 5. Bg5 dxc4 6. a4 Bb4 7. e4 Qa5 8. Bd2 c5 9. Bxc4 cxd4 10. Nxd4 0-0 11. 0-0 Qc5 12. Qb3 Qxd4 13. Rfd1 Ng4 14. Be1 Qe5 15. g3 Nc6 16. Bd3 Bc5 17. Rac1 Nd4 0-1

[Event "RA-2018-0-00562"]
[Site "LSS email"]
[Date "2018.01.28"]
[Round "?"]
[White "Svajdler, Frantisek"]
[Black "Trusewicz, Janusz Krzysztof"]
[Result "1/2-1/2"]
[WhiteElo "2111"]
[BlackElo "2150"]
[PlyCount "48"]
[EventDate "2018.01.03"]
[EventType "tourn (corr)"]
[EventRounds "6"]
[EventCountry "GER"]
[SourceTitle "Corr 2022"]
[Source "ChessBase"]
[SourceDate "2021.10.24"]
[SourceVersion "1"]
[SourceVersionDate "2021.10.24"]
[SourceQuality "1"]

1. d4 Nf6 2. c4 g6 3. Nc3 d5 4. Nf3 Bg7 5. cxd5 Nxd5 6. e4 Nxc3 7. bxc3 c5 8. Rb1 0-0 9. Be2 cxd4 10. cxd4 Qa5+ 11. Qd2 Qxd2+ 12. Bxd2 b6 13. 0-0 Bb7 14. d5 Ba6 15. Bxa6 Nxa6 16. Bg5 f6 17. Be3 f5 18. e5 Rad8 19. Rfd1 Nc7 20. d6 exd6 21. Bg5 Rd7 22. Rxd6 Rxd6 23. exd6 Ne6 24. Be7 Rb8 1/2-1/2

[Event "OP-2018-0-04516"]
[Site "LSS email"]
[Date "2018.01.22"]
[Round "?"]
[White "Lauer, Frederic"]
[Black "Svajdler, Frantisek"]
[Result "0-1"]
[WhiteElo "1139"]
[BlackElo "2111"]
[PlyCount "46"]
[EventDate "2018.01.13"]
[EventType "tourn (corr)"]
[EventRounds "4"]
[EventCountry "GER"]
[SourceTitle "Corr 2022"]
[Source "ChessBase"]
[SourceDate "2021.10.24"]
[SourceVersion "1"]
[SourceVersionDate "2021.10.24"]
[SourceQuality "1"]

1. e4 e6 2. d4 d5 3. Nc3 Nf6 4. e5 Nfd7 5. f4 c5 6. Nf3 cxd4 7. Nxd4 Nc6 8. Be3 a6 9. Qd2 Bc5 10. 0-0-0 0-0 11. h4 Nxd4 12. Bxd4 b5 13. Bxc5 Nxc5 14. Qf2 Qc7 15. g4 b4 16. Ne2 a5 17. Nd4 Ne4 18. Qe3 a4 19. Kb1 a3 20. Bd3 axb2 21. Bxe4 dxe4 22. Kxb2 Bb7 23. Nb3 Rxa2+ 0-1

[Event "LSS No Engine Cup 174 Preliminary 0"]
[Site "LSS email"]
[Date "2017.10.19"]
[Round "?"]
[White "Trzebiatowski, Krzysztof"]
[Black "Svajdler, Frantisek"]
[Result "1-0"]
[WhiteElo "1600"]
[BlackElo "2060"]
[PlyCount "89"]
[EventDate "2017.10.20"]
[EventType "tourn (corr)"]
[EventRounds "6"]
[EventCountry "GER"]
[SourceTitle "Corr 2022"]
[Source "ChessBase"]
[SourceDate "2021.10.24"]
[SourceVersion "1"]
[SourceVersionDate "2021.10.24"]
[SourceQuality "1"]

1. e4 e5 2. f4 exf4 3. Be2 d5 4. exd5 Nf6 5. Nf3 Nxd5 6. c4 Nf6 7. d4 Bd6 8. c5 Be7 9. Nc3 Be6 10. Bxf4 0-0 11. 0-0 Nc6 12. h3 Nd5 13. Nxd5 Bxd5 14. Ne5 Bf6 15. Bb5 Nxe5 16. dxe5 Be7 17. Qc2 Qc8 18. c6 b6 19. Bc4 Rd8 20. Rad1 Qe6 21. Rxd5 Rxd5 22. Bxd5 Qxd5 23. Rd1 Bc5+ 24. Kh1 Qxa2 25. Rd7 Qa1+ 26. Qc1 Qxc1+ 27. Bxc1 Rc8 28. Bf4 Kf8 29. e6 fxe6 30. Be5 Be7 31. Bxg7+ Kxg7 32. Rxe7+ Kf6 33. Rxh7 a5 34. Kg1 a4 35. Rh4 Ra8 36. Kf2 Ke5 37. g4 Rg8 38. Rh7 Kd6 39. Rd7+ Kxc6 40. Rd1 Kb5 41. Rg1 Rh8 42. Kg3 Kc4 43. h4 Kb3 44. h5 Kxb2 45. Kh4 1-0

[Event "RA-2017-0-00540"]
[Site "LSS email"]
[Date "2017.09.27"]
[Round "?"]
[White "Svajdler, Frantisek"]
[Black "Watson, Roland"]
[Result "1/2-1/2"]
[WhiteElo "2118"]
[BlackElo "2297"]
[PlyCount "33"]
[EventDate "2017.08.28"]
[EventType "tourn (corr)"]
[EventRounds "6"]
[EventCountry "GER"]
[SourceTitle "Corr 2022"]
[Source "ChessBase"]
[SourceDate "2021.10.24"]
[SourceVersion "1"]
[SourceVersionDate "2021.10.24"]
[SourceQuality "1"]

1. d4 f5 2. g3 Nf6 3. Bg2 g6 4. Nf3 Bg7 5. 0-0 0-0 6. c4 d6 7. Nc3 c6 8. d5 e5 9. dxe6 Bxe6 10. b3 Ne4 11. Nxe4 fxe4 12. Nd4 Qd7 13. Nxe6 Qxe6 14. Rb1 d5 15. Ba3 Re8 16. e3 Nd7 17. cxd5 1/2-1/2

[Event "RA-2017-0-00540"]
[Site "LSS email"]
[Date "2017.09.27"]
[Round "?"]
[White "Willmann, Bernd"]
[Black "Svajdler, Frantisek"]
[Result "1-0"]
[WhiteElo "2280"]
[BlackElo "2118"]
[PlyCount "63"]
[EventDate "2017.08.28"]
[EventType "tourn (corr)"]
[EventRounds "6"]
[EventCountry "GER"]
[SourceTitle "Corr 2022"]
[Source "ChessBase"]
[SourceDate "2021.10.24"]
[SourceVersion "1"]
[SourceVersionDate "2021.10.24"]
[SourceQuality "1"]

1. e4 e5 2. Nf3 Nf6 3. Nxe5 d6 4. Nf3 Nxe4 5. d4 d5 6. Bd3 Nc6 7. 0-0 Be7 8. Re1 Bg4 9. c3 f5 10. Qb3 0-0 11. Nbd2 Na5 12. Qa4 Nc6 13. Qb3 Na5 14. Qa4 Nc6 15. Bb5 Nxd2 16. Nxd2 Rf6 17. Bd3 f4 18. Qc2 g6 19. h3 Bh5 20. b4 Qd7 21. f3 Re8 22. Nb3 Rff8 23. b5 Nd8 24. c4 c6 25. Bb2 Bb4 26. Re5 Rxe5 27. dxe5 Ne6 28. bxc6 bxc6 29. Kh2 Rb8 30. Rc1 Bf8 31. cxd5 cxd5 32. Nd4 1-0

[Event "ZH-2017-0-01587"]
[Site "LSS email"]
[Date "2017.06.30"]
[Round "?"]
[White "Dehaybe, Andre"]
[Black "Svajdler, Frantisek"]
[Result "1/2-1/2"]
[WhiteElo "2198"]
[BlackElo "2123"]
[PlyCount "96"]
[EventDate "2017.06.20"]
[EventType "match (corr)"]
[EventRounds "2"]
[EventCountry "GER"]
[SourceTitle "Corr 2022"]
[Source "ChessBase"]
[SourceDate "2021.10.24"]
[SourceVersion "1"]
[SourceVersionDate "2021.10.24"]
[SourceQuality "1"]

1. d4 Nf6 2. c4 e6 3. Nf3 b6 4. g3 Bb7 5. Bg2 Bb4+ 6. Bd2 Bxd2+ 7. Qxd2 0-0 8. 0-0 d5 9. Ne5 Ne4 10. Qc2 Nd7 11. Rd1 Nxe5 12. dxe5 Qe7 13. Nd2 f5 14. e3 c6 15. cxd5 cxd5 16. Nb3 Rac8 17. Qe2 Nc5 18. Qe1 Nxb3 19. axb3 a5 20. b4 axb4 21. Ra4 Rc2 22. Qxb4 Qc5 23. h4 Bc6 24. Qxc5 bxc5 25. Ra6 Rc8 26. Rb6 Kf7 27. Ra1 Rc7 28. Kf1 Bd7 29. Bf3 Rc4 30. Ke2 Ra4 31. Rxa4 Bxa4 32. Kd2 Ke7 33. g4 fxg4 34. Bxg4 Bd7 35. Rb8 Rc8 36. Rxc8 Bxc8 37. Be2 Kd7 38. Kc3 Kc6 39. b4 Bd7 40. Bd3 h6 41. bxc5 Kxc5 42. Bg6 Kc6 43. Kd4 Kc7 44. Bd3 Be8 45. Bc2 g5 46. hxg5 hxg5 47. Bd3 Ba4 48. e4 Bc6 1/2-1/2

[Event "ZH-2017-0-01587"]
[Site "LSS email"]
[Date "2017.06.30"]
[Round "?"]
[White "Svajdler, Frantisek"]
[Black "Dehaybe, Andre"]
[Result "1/2-1/2"]
[WhiteElo "2123"]
[BlackElo "2198"]
[PlyCount "103"]
[EventDate "2017.06.20"]
[EventType "match (corr)"]
[EventRounds "2"]
[EventCountry "GER"]
[SourceTitle "Corr 2022"]
[Source "ChessBase"]
[SourceDate "2021.10.24"]
[SourceVersion "1"]
[SourceVersionDate "2021.10.24"]
[SourceQuality "1"]

1. e4 c5 2. Nf3 Nc6 3. Bb5 g6 4. 0-0 Bg7 5. c3 Nf6 6. Re1 0-0 7. d4 cxd4 8. cxd4 d5 9. e5 Ne4 10. Nc3 Nxc3 11. bxc3 Bd7 12. Bd3 Na5 13. Ng5 Qc8 14. Qc2 Nc4 15. Rb1 b6 16. Qe2 Bg4 17. f3 Bf5 18. e6 Bxd3 19. Qxd3 f6 20. Nf7 Qc7 21. g3 Qc6 22. h4 Nd6 23. Nxd6 Qxd6 24. Kg2 Qc6 25. Bd2 f5 26. Rb3 Bf6 27. h5 Qa4 28. Rb2 Rac8 29. Qb1 Rc4 30. Rh1 Qc6 31. hxg6 hxg6 32. Qe1 g5 33. Rh5 Qe8 34. Qh1 g4 35. Rxf5 Qg6 36. fxg4 Qxg4 37. Qh5 Qxh5 38. Rxh5 Rc6 39. Rxd5 Rxe6 40. Rd7 Re2+ 41. Kf3 Rh2 42. Kg4 Kf7 43. Bc1 Rxb2 44. Bxb2 Rh8 45. Rxa7 Rh2 46. Ba3 Rxa2 47. Kf5 Rf2+ 48. Ke4 Ra2 49. Kd5 Kg6 50. g4 Ra1 51. Ra8 Kf7 52. Ke4 1/2-1/2

[Event "SA-2015-0-00490"]
[Site "LSS email"]
[Date "2015.10.03"]
[Round "?"]
[White "Kazimierski, Tomasz"]
[Black "Svajdler, Frantisek"]
[Result "1/2-1/2"]
[WhiteElo "2153"]
[BlackElo "2128"]
[PlyCount "83"]
[EventDate "2015.09.06"]
[EventType "tourn (corr)"]
[EventRounds "6"]
[EventCountry "GER"]
[SourceTitle "Corr 2022"]
[Source "ChessBase"]
[SourceDate "2021.10.24"]
[SourceVersion "1"]
[SourceVersionDate "2021.10.24"]
[SourceQuality "1"]

1. e4 e5 2. Nf3 Nc6 3. Bb5 a6 4. Ba4 Nf6 5. 0-0 Be7 6. Bxc6 dxc6 7. d3 Nd7 8. Be3 0-0 9. a4 f6 10. Nbd2 a5 11. c3 b6 12. Qc2 Qe8 13. b4 Qh5 14. Rfb1 f5 15. bxa5 Rxa5 16. Nc4 Ra8 17. exf5 Qxf5 18. a5 b5 19. Ncd2 Ba6 20. Ne4 h6 21. Nfd2 Qg6 22. Nb3 Bd6 23. Qe2 Bc8 24. f3 Rd8 25. Qc2 Kh8 26. Kh1 Qf7 27. Bg1 Kg8 28. h3 Nf6 29. Nbc5 Nxe4 30. Nxe4 Be7 31. Bc5 Bh4 32. Qe2 Rd7 33. Rd1 Rd5 34. Bb4 Ba6 35. Qb2 Rdd8 36. Rd2 Rd5 37. Qc2 Kh8 38. Kg1 Kg8 39. Qa2 Kh8 40. Kh1 Kh7 41. Re2 Kh8 42. Kg1 1/2-1/2

[Event "SA-2015-0-00490"]
[Site "LSS email"]
[Date "2015.10.03"]
[Round "?"]
[White "Makushev, Igorj"]
[Black "Svajdler, Frantisek"]
[Result "1/2-1/2"]
[WhiteElo "2009"]
[BlackElo "2128"]
[PlyCount "28"]
[EventDate "2015.09.06"]
[EventType "tourn (corr)"]
[EventRounds "6"]
[EventCountry "GER"]
[SourceTitle "Corr 2022"]
[Source "ChessBase"]
[SourceDate "2021.10.24"]
[SourceVersion "1"]
[SourceVersionDate "2021.10.24"]
[SourceQuality "1"]

1. e4 e5 2. Nf3 Nc6 3. Nc3 Nf6 4. Bb5 Bb4 5. 0-0 0-0 6. d3 d6 7. Bg5 Bxc3 8. bxc3 h6 9. Bh4 Bd7 10. Rb1 a6 11. Ba4 b5 12. Bb3 Qe7 13. Re1 Na5 14. h3 g5 1/2-1/2

[Event "ZH-2012-0-00897"]
[Site "LSS email"]
[Date "2012.10.24"]
[Round "?"]
[White "Nowak, Ireneusz"]
[Black "Svajdler, Frantisek"]
[Result "1/2-1/2"]
[WhiteElo "2087"]
[BlackElo "2119"]
[PlyCount "59"]
[EventDate "2012.10.15"]
[EventType "match (corr)"]
[EventRounds "2"]
[EventCountry "GER"]
[SourceTitle "Telechess CBM 163"]
[Source "ChessBase"]
[SourceDate "2014.11.11"]
[SourceVersion "2"]
[SourceVersionDate "2014.11.11"]
[SourceQuality "1"]

1. e4 c5 2. Nf3 d6 3. d4 cxd4 4. Nxd4 Nf6 5. Nc3 Nc6 6. Bg5 e6 7. f4 Be7 8. Qd2 0-0 9. 0-0-0 h6 10. Bh4 e5 11. Nf5 Bxf5 12. exf5 Qa5 13. Kb1 Rad8 14. Be2 Rfe8 15. Bxf6 Bxf6 16. Nd5 Qxd2 17. Rxd2 Ne7 18. Nxf6+ gxf6 19. Bf3 b6 20. g4 h5 21. Rhd1 hxg4 22. Bxg4 Kg7 23. fxe5 fxe5 24. Rxd6 Rxd6 25. Rxd6 Ng8 26. Kc1 Nf6 27. h3 Rh8 28. Rc6 Rh4 29. Rc4 b5 30. Rc5 1/2-1/2

[Event "RA-2011-0-00126"]
[Site "LSS email"]
[Date "2011.03.15"]
[Round "?"]
[White "Schroeder, Christoph"]
[Black "Svajdler, Frantisek"]
[Result "1/2-1/2"]
[WhiteElo "2161"]
[BlackElo "2128"]
[PlyCount "61"]
[EventDate "2011.02.06"]
[EventType "tourn (corr)"]
[EventRounds "6"]
[EventCountry "GER"]
[SourceTitle "Telechess CBM 145"]
[Source "Chessbase"]
[SourceDate "2011.11.11"]
[SourceVersion "1"]
[SourceVersionDate "2011.11.11"]
[SourceQuality "1"]

1. e4 e5 2. Nf3 Nc6 3. d4 exd4 4. Nxd4 Bc5 5. Nxc6 Qf6 6. Qf3 dxc6 7. Bc4 Be6 8. Bxe6 Qxe6 9. Be3 Bb4+ 10. c3 Bd6 11. Nd2 Nf6 12. Bd4 0-0-0 13. Bxf6 gxf6 14. Kd1 Rhe8 15. Kc2 Bc5 16. Rhe1 a6 17. Nf1 Kb8 18. Ng3 Rg8 19. Nh5 Be7 20. g3 Rd7 21. b3 Rgd8 22. Red1 Rxd1 23. Rxd1 Rxd1 24. Kxd1 Qd6+ 25. Kc2 a5 26. Nf4 f5 27. exf5 Qa3 28. Kb1 a4 29. Qd1 Qc5 30. Qc2 a3 31. Ng2 1/2-1/2

[Event "RA-2011-0-00126"]
[Site "LSS email"]
[Date "2011.03.15"]
[Round "?"]
[White "Svajdler, Frantisek"]
[Black "Ferrer, Jordi"]
[Result "1/2-1/2"]
[WhiteElo "2128"]
[BlackElo "1977"]
[PlyCount "41"]
[EventDate "2011.02.06"]
[EventType "tourn (corr)"]
[EventRounds "6"]
[EventCountry "GER"]
[SourceTitle "Telechess CBM 145"]
[Source "Chessbase"]
[SourceDate "2011.11.11"]
[SourceVersion "1"]
[SourceVersionDate "2011.11.11"]
[SourceQuality "1"]

1. Nf3 Nf6 2. d4 g6 3. c4 Bg7 4. Nc3 0-0 5. e4 d6 6. Be2 e5 7. 0-0 Na6 8. dxe5 dxe5 9. Be3 Ng4 10. Bg5 f6 11. Bd2 Nh6 12. Qa4 c6 13. Qa3 Re8 14. c5 Qe7 15. b4 Nc7 16. Rad1 Ne6 17. Bc4 Nf7 18. Be3 Nc7 19. Rd2 Be6 20. Bxe6 Nxe6 21. Rfd1 1/2-1/2

[Event "LSS SA-2010-0-00172"]
[Site "LSS email"]
[Date "2011.01.02"]
[Round "?"]
[White "Aalderink, Gerwin"]
[Black "Svajdler, Frantisek"]
[Result "1-0"]
[WhiteElo "2115"]
[BlackElo "2163"]
[PlyCount "46"]
[EventDate "2010.12.05"]
[EventType "tourn (corr)"]
[EventRounds "6"]
[EventCountry "GER"]
[SourceTitle "Telechess CBM 149"]
[Source "ChessBase"]
[SourceDate "2012.07.17"]
[SourceVersion "1"]
[SourceVersionDate "2012.07.17"]
[SourceQuality "1"]

1. Nf3 Nf6 2. d4 d5 3. Bg5 Ne4 4. Bf4 c5 5. e3 Nc6 6. c3 Qb6 7. Qc1 f6 8. Nbd2 cxd4 9. exd4 e5 10. Be3 Nxd2 11. Qxd2 e4 12. Ng1 Bd6 13. Ne2 Bg4 14. h3 Bh5 15. Nf4 Bf7 16. h4 Rc8 17. h5 Na5 18. 0-0-0 0-0 19. h6 g6 20. Kb1 Nc4 21. Bxc4 Rxc4 22. g4 Qb5 23. Rc1 Rfc8 1-0

[Event "LSS SA-2010-0-00172"]
[Site "LSS email"]
[Date "2011.01.02"]
[Round "?"]
[White "Svajdler, Frantisek"]
[Black "Iacobitz, Lucian Valentin"]
[Result "1/2-1/2"]
[WhiteElo "2163"]
[BlackElo "1944"]
[PlyCount "43"]
[EventDate "2010.12.05"]
[EventType "tourn (corr)"]
[EventRounds "6"]
[EventCountry "GER"]
[SourceTitle "Telechess CBM 149"]
[Source "ChessBase"]
[SourceDate "2012.07.17"]
[SourceVersion "1"]
[SourceVersionDate "2012.07.17"]
[SourceQuality "1"]
[BlackTeam "Netherlands"]
[BlackTeamCountry "NED"]

1. e4 e5 2. Nf3 Nf6 3. Nxe5 d6 4. Nf3 Nxe4 5. d4 d5 6. Bd3 Nc6 7. 0-0 Be7 8. c4 Nb4 9. cxd5 Nxd3 10. Qxd3 Qxd5 11. Re1 Bf5 12. g4 Bg6 13. Nc3 Nxc3 14. Qxc3 f6 15. Qxc7 0-0 16. Rxe7 Qxf3 17. Rxg7+ Kh8 18. Bh6 Qxg4+ 19. Qg3 Qxd4 20. Rc1 Rac8 21. Rxc8 Qd1+ 22. Kg2 1/2-1/2

[Event "LSS SA-2010-0-00172"]
[Site "LSS email"]
[Date "2011.01.02"]
[Round "?"]
[White "Svajdler, Frantisek"]
[Black "Korchut, Adam"]
[Result "1/2-1/2"]
[WhiteElo "2163"]
[BlackElo "1911"]
[PlyCount "87"]
[EventDate "2010.12.05"]
[EventType "tourn (corr)"]
[EventRounds "6"]
[EventCountry "GER"]
[SourceTitle "Telechess CBM 149"]
[Source "ChessBase"]
[SourceDate "2012.07.17"]
[SourceVersion "1"]
[SourceVersionDate "2012.07.17"]
[SourceQuality "1"]

1. d4 d5 2. c4 dxc4 3. Nf3 Nf6 4. e3 e6 5. Bxc4 c5 6. 0-0 a6 7. Bb3 Be7 8. Nc3 0-0 9. Qe2 Nc6 10. Rd1 cxd4 11. Nxd4 Qc7 12. Nxc6 Qxc6 13. e4 b5 14. Bg5 h6 15. Bh4 Bb7 16. Rac1 Qe8 17. e5 Nd7 18. Bxe7 Qxe7 19. Qe3 Rac8 20. Rd6 Nc5 21. Bc2 b4 22. Ne2 Rfd8 23. Rcd1 Bd5 24. Rxd8+ Rxd8 25. Nf4 Qc7 26. Rc1 Bb7 27. Bd3 Rc8 28. Bf1 Qe7 29. h3 a5 30. Bb5 Rc7 31. Qd4 Ne4 32. Re1 Qc5 33. Qd8+ Kh7 34. Nd3 Qe7 35. Qxe7 Rxe7 36. Rc1 h5 37. f3 Ng3 38. Rc5 Bd5 39. Ba6 Bxa2 40. Rxa5 b3 41. Nc5 Rc7 42. Bd3+ Kh6 43. Kf2 h4 44. f4 1/2-1/2

[Event "CP-2010-P-00049"]
[Site "LSS email"]
[Date "2010.09.28"]
[Round "?"]
[White "Bartsch, Christian"]
[Black "Svajdler, Frantisek"]
[Result "1/2-1/2"]
[WhiteElo "1862"]
[BlackElo "2195"]
[PlyCount "48"]
[EventDate "2010.10.01"]
[EventType "tourn (corr)"]
[EventRounds "6"]
[EventCountry "GER"]
[SourceTitle "Telechess CBM 143"]
[Source "ChessBase"]
[SourceDate "2011.07.15"]
[SourceVersion "1"]
[SourceVersionDate "2011.07.15"]
[SourceQuality "1"]

1. d4 Nf6 2. Nf3 e6 3. g3 b6 4. Bg2 Bb7 5. 0-0 Be7 6. c4 0-0 7. Nc3 Ne4 8. Qc2 Nxc3 9. Qxc3 Bf6 10. Rd1 Qe7 11. Bf4 d6 12. Qc2 Nc6 13. a3 e5 14. dxe5 dxe5 15. Be3 Rab8 16. c5 g6 17. Rac1 b5 18. b4 Rfd8 19. Nd2 Bg7 20. Nb3 a6 21. Bd2 Qe6 22. Bc3 h5 23. Rxd8+ Rxd8 24. Rd1 Rxd1+ 1/2-1/2

[Event "CP-2010-P-00049"]
[Site "LSS email"]
[Date "2010.09.28"]
[Round "?"]
[White "Martins, Karin"]
[Black "Svajdler, Frantisek"]
[Result "0-1"]
[WhiteElo "1558"]
[BlackElo "2189"]
[PlyCount "128"]
[EventDate "2010.10.01"]
[EventType "tourn (corr)"]
[EventRounds "6"]
[EventCountry "GER"]
[SourceTitle "Telechess CBM 143"]
[Source "ChessBase"]
[SourceDate "2011.07.15"]
[SourceVersion "1"]
[SourceVersionDate "2011.07.15"]
[SourceQuality "1"]

1. e4 e5 2. Nf3 Nc6 3. Bc4 Bc5 4. Nc3 Nf6 5. d3 h6 6. a3 d6 7. 0-0 0-0 8. Be3 Bb6 9. Nd5 Nxd5 10. exd5 Ne7 11. a4 c6 12. dxc6 bxc6 13. b4 Nf5 14. Bxb6 axb6 15. Qe2 Re8 16. Rfe1 Bb7 17. c3 Qc7 18. Nd2 d5 19. Bb3 c5 20. Qf3 Nh4 21. Qg3 Ng6 22. d4 Nf4 23. dxc5 bxc5 24. Nf3 cxb4 25. cxb4 Re6 26. Nh4 Rf6 27. a5 d4 28. Bd1 g5 29. Bf3 d3 30. Kh1 e4 31. Bxe4 Bxe4 32. Rxe4 d2 33. Qe3 Rd8 34. Re8+ Rxe8 35. Qxe8+ Kg7 36. Nf3 Qc1+ 37. Rxc1 dxc1Q+ 38. Qe1 Rc6 39. h4 g4 40. Qxc1 Rxc1+ 41. Ng1 Rb1 42. Kh2 Rxb4 43. f3 f5 44. fxg4 fxg4 45. Kg3 Kg6 46. Kxg4 Ne2+ 47. Kf3 Nxg1+ 48. Kf2 Nh3+ 49. gxh3 Rxh4 50. Kg3 Ra4 51. a6 Rxa6 52. Kf4 Ra4+ 53. Ke3 Ra3+ 54. Ke2 Rxh3 55. Kd2 h5 56. Kd1 Rh2 57. Ke1 Kg5 58. Kf1 Kg4 59. Ke1 h4 60. Kf1 Kf3 61. Ke1 h3 62. Kd1 Re2 63. Kc1 h2 64. Kd1 h1R# 0-1

[Event "CP-2010-P-00049"]
[Site "LSS email"]
[Date "2010.09.28"]
[Round "?"]
[White "Svajdler, Frantisek"]
[Black "Kelemen, Gyorgy"]
[Result "1/2-1/2"]
[WhiteElo "2203"]
[BlackElo "1958"]
[PlyCount "59"]
[EventDate "2010.10.01"]
[EventType "tourn (corr)"]
[EventRounds "6"]
[EventCountry "GER"]
[SourceTitle "Telechess CBM 143"]
[Source "ChessBase"]
[SourceDate "2011.07.15"]
[SourceVersion "1"]
[SourceVersionDate "2011.07.15"]
[SourceQuality "1"]

1. d4 Nf6 2. c4 e6 3. Nf3 d5 4. Nc3 Bb4 5. e3 0-0 6. Bd3 c5 7. 0-0 dxc4 8. Bxc4 Nbd7 9. Qe2 b6 10. Rd1 cxd4 11. exd4 Bb7 12. Bd2 Qe7 13. a3 Bd6 14. Ne5 Rfc8 15. Bd3 Nd5 16. Nb5 Bb8 17. Rac1 Rxc1 18. Rxc1 N7f6 19. Rc2 a6 20. Nc3 Nxc3 21. Rxc3 Qd6 22. Qe3 Qd5 23. f3 b5 24. Qf4 Bd6 25. Rc1 Rc8 26. Rxc8+ Bxc8 27. Bc3 h6 28. Qd2 Bb7 29. Bc2 Bc7 30. g3 1/2-1/2

[Event "LSS No Engine Cup 08 Final"]
[Site "LSS email"]
[Date "2010.04.18"]
[Round "?"]
[White "McGregor, Stephen"]
[Black "Svajdler, Frantisek"]
[Result "1-0"]
[WhiteElo "2109"]
[BlackElo "2175"]
[PlyCount "65"]
[EventDate "2010.04.19"]
[EventType "tourn (corr)"]
[EventRounds "6"]
[EventCountry "GER"]
[SourceTitle "Corr 2013"]
[Source "ChessBase"]
[SourceDate "2012.11.12"]
[SourceVersion "1"]
[SourceVersionDate "2012.11.12"]
[SourceQuality "1"]

1. e4 c5 2. Nf3 d6 3. d4 cxd4 4. Nxd4 Nf6 5. Nc3 Nc6 6. Bg5 e6 7. Qd2 Be7 8. 0-0-0 0-0 9. f4 h6 10. Bh4 Qa5 11. Nb3 Qh5 12. g3 Rd8 13. Qe3 Qg6 14. Bd3 Nb4 15. Be2 Bd7 16. a3 Nc6 17. Kb1 a6 18. Bd3 Qh5 19. h3 a5 20. Bb5 Rac8 21. Be2 Qg6 22. Bd3 Qh5 23. Rhf1 g5 24. fxg5 hxg5 25. Be2 Qg6 26. Qxg5 Qxg5 27. Bxg5 Kg7 28. h4 b6 29. Be3 Rb8 30. g4 Bc8 31. g5 Nd7 32. Nd4 Nxd4 33. Bxd4+ 1-0

[Event "LSS No Engine Cup 08 Final"]
[Site "LSS email"]
[Date "2010.04.18"]
[Round "?"]
[White "Van Rooijen, Peter"]
[Black "Svajdler, Frantisek"]
[Result "0-1"]
[WhiteElo "1600"]
[BlackElo "1600"]
[PlyCount "56"]
[EventDate "2010.04.19"]
[EventType "tourn (corr)"]
[EventRounds "6"]
[EventCountry "GER"]
[SourceTitle "Corr 2022"]
[Source "ChessBase"]
[SourceDate "2021.10.24"]
[SourceVersion "1"]
[SourceVersionDate "2021.10.24"]
[SourceQuality "1"]

1. b4 Nf6 2. Bb2 e6 3. b5 d5 4. e3 a6 5. a4 axb5 6. axb5 Rxa1 7. Bxa1 Nbd7 8. f4 c5 9. Nf3 Bd6 10. Bd3 Qa5 11. Bc3 Qc7 12. 0-0 0-0 13. Qe1 b6 14. Bb2 Bb7 15. Qg3 Ra8 16. Ne5 g6 17. Nxd7 Nxd7 18. Nc3 Bf8 19. Ra1 Rxa1+ 20. Bxa1 Bg7 21. Bb2 c4 22. Bf1 Qd6 23. Qh4 Bf6 24. Ne4 dxe4 25. Bxf6 Nxf6 26. Qxf6 Qxd2 27. Qd4 Qxd4 28. exd4 c3 0-1

[Event "LSS OP-2009-0-01005"]
[Site "LSS email"]
[Date "2009.11.27"]
[Round "?"]
[White "Lindstrom, Timothy"]
[Black "Svajdler, Frantisek"]
[Result "0-1"]
[WhiteElo "1622"]
[BlackElo "2207"]
[PlyCount "52"]
[EventDate "2009.11.21"]
[EventType "tourn (corr)"]
[EventRounds "4"]
[EventCountry "GER"]
[SourceTitle "Corr 2013"]
[Source "ChessBase"]
[SourceDate "2012.11.12"]
[SourceVersion "1"]
[SourceVersionDate "2012.11.12"]
[SourceQuality "1"]

1. d4 Nf6 2. c4 e6 3. Nc3 Bb4 4. Bd2 0-0 5. e3 b6 6. a3 Bxc3 7. Bxc3 Bb7 8. Nf3 Ne4 9. Be2 Nxc3 10. bxc3 d6 11. d5 Nd7 12. 0-0 Nc5 13. Rb1 Qf6 14. Qd4 e5 15. Qh4 Qxh4 16. Nxh4 f5 17. g3 c6 18. dxc6 Bxc6 19. Bf3 Be4 20. Bxe4 Nxe4 21. Rbd1 Rac8 22. f3 Nxc3 23. Rxd6 Rxc4 24. Rd2 Ra4 25. g4 fxg4 26. f4 exf4 0-1